000 01058nam a2200289Ia 4500
003 OSt
005 20221005110628.0
006 a|||||r|||| 00| 0
007 ta
008 221004b |||||||| |||| 00| 0 hin d
020 _a9789326351775 (pbk)
_cINR 150.00
024 _a37067
037 _bBW/1695, 15/03/2018, Bookwell
_cTextual
040 _aCRL
_cCRL
_bhin
041 _2hin
_ahin
082 _aO152,3N296,VD, Q5
100 _aवर्मा, निर्मल, ले.
245 0 _aवे दिन
246 _aVe dina
260 _aनई दिल्ली
_bभारतीय ज्ञानपीठ भारत
_c2015
300 _a211पृ0
_ccm.
490 _aलोकोदय ग्रन्थमाला; ग्रन्थांक 843
650 _a हिन्दी साहित्य
650 _aहिन्दी कहानी
942 _hO152,3N296,VD, Q5
_cTEXL
_2cc
999 _c1019391
_d1019391